Obálka Náhled e-knihy:
PDF Epub
Pro půjčování e-knih musíte být přihlášeni.
Jak si půjčit online?

Železný plamen /

Druhý díl série Empyreum. Violet pokračuje ve studiu Basgiathské akademie a nyní má před sebou tu nejnebezpečnější část výcviku.

Uloženo v:
Série:Empyreum, část 2
Hlavní autor: Yarros, Rebecca, 1981- (Autor)
Další autoři: Kubešová, Pavla, 1969- (Autor)
Médium: E-kniha
Jazyk:Czech
Vydáno: Praha : Fragment, 2024
Vydání:1. vydání
Témata:
Příbuzné jednotky:Z cyklu:: Empyreum
Tagy:
Žádné tagy
LEADER 02782nam a2200529 i 4500
001 312492
003 CZ PrSKC
005 20260601215723.0
007 ta
008 240913s2024 xr d 000 f cze
015 |a cnb003631466 
020 |a 9788025369548  |q (vázáno) :  |c Kč 699,00 
035 |a (OCoLC)1468021507 
040 |a ABG001  |b cze  |d ABA001  |e rda 
041 1 |a cze  |h eng 
072 7 |a 821.111(73)-3  |x Americká próza  |2 Konspekt 
080 |a 821.111(73)-31  |2 MRF 
080 |a 821-93-053.67  |2 MRF 
080 |a 821-93  |2 MRF 
080 |a (0:82-312.9)  |2 MRF 
100 1 |a Yarros, Rebecca,  |d 1981-  |7 xx0306981  |4 aut 
240 1 0 |a Iron flame.  |l Česky 
245 1 0 |a Železný plamen /  |c Rebecca Yarros ; přeložila Pavla Kubešová 
250 |a 1. vydání 
264 1 |a Praha :  |b Fragment,  |c 2024 
300 |a 743 stran ;  |c 22 cm 
336 |a text  |b txt  |2 rdacontent 
337 |a bez média  |b n  |2 rdamedia 
338 |a svazek  |b nc  |2 rdacarrier 
500 |a Přeloženo z angličtiny 
520 2 |a Druhý díl série Empyreum. Violet pokračuje ve studiu Basgiathské akademie a nyní má před sebou tu nejnebezpečnější část výcviku.  |b Všichni, včetně Violet samotné, očekávali, že během prvního ročníku na Basgiathské válečné akademii zemře. Přežila, ale skutečný výcvik - brutální a extrémně vyčerpávající - je teprve před ní. A spolu s ním i výzva v osobě nového zástupce velitele, který si dal jediný cíl - ukázat jí, jak vypadá absolutní bezmoc. Violet se už naučila, že odhodlání přežít a odvaha měnit pravidla dokážou mnohé. Bude to ale stačit, když ví, že Basgiath ukrývá prastaré tajemství, které může všechny a všechno zničit? Nakladatelská anotace. 
655 7 |a americké romány  |7 fd131796  |2 czenas 
655 7 |a fantasy romány  |7 fd184199  |2 czenas 
655 7 |a literatura young adult  |7 fd1185572  |2 czenas 
655 7 |a publikace pro mládež  |7 fd133157  |2 czenas 
655 9 |a American fiction  |2 eczenas 
655 9 |a fantasy novels  |2 eczenas 
655 9 |a young adult literature  |2 eczenas 
655 9 |a juvenile literature  |2 eczenas 
700 1 |a Kubešová, Pavla,  |d 1969-  |7 xx0039531  |4 trl 
787 0 8 |i Z cyklu:  |t Empyreum  |g 2 
900 |a ABA001  |b 20 
928 9 |a Albatros Media - Fragment 
044 |a xr 
910 |a RBIT002 
998 |d 413996  |a https://core.palmknihy.cz/api/books/413996/cover?sjda9g  |b https://core.palmknihy.cz/api/books/413996/cover/400?sjda9g  |c https://core.palmknihy.cz/api/books/413996/cover/50?sjda9g  |e 2028-05-24  |g 752  |i 9788025369548  |j https://core.palmknihy.cz/api/books/413996/preview.epub  |k https://core.palmknihy.cz/api/books/413996/preview.pdf  |l   |q 49  |r 1  |s https://www.palmknihy.cz/kniha/413996  |t ebook  |y 2024  |z 0  |v Empyreum (CZ)  |w 2 
999 |d 312490